000 01034cam a22002651i 4500
003 SA-RiAUC
005 20240912134210.0
008 240909s1996 su g 00010 ara c
040 _aADPOL
_bara
_cSA-RiAUC.
_erda
043 _af-et---
082 0 4 _a963
_qSA-RiAUC
090 _a963 ي و س
_b ي و س
100 1 _aاليوسف، محمد الطيب بن محمد بن يوسف،
_d1338 هجري-
_eمؤلف.
245 1 0 _aإيثيوبيا والعروبة والإسلام عبر التاريخ /
_cمحمد الطيب بن محمد بن يوسف اليوسف.
250 _aالطبعة الأولى.
264 1 _aمكة الكرمة :
_bالمكتبة المكية،
_c1996
300 _aمجلدات؛
_c24 سم
336 _aنص
_btxt
_2rdacontent
_3كتاب
337 _aبدون وسيط
_bn
_2rdamedia
338 _aمجلد
_bnc
_2rdacarrier
650 7 _aالإسلام
_zإثيوبيا
_2aucsh
651 7 _aإثيوبيا
_xتاريخ
_2aucsh
942 _2ddc
_cBOOK
_n0
949 _aSA-JeALM
_d240909
_umohamedma123
_n1
999 _c228
_d228